000 00929nam a2200253Ia 4500
003 OSt
005 20220923211142.0
006 a|||||r|||| 00| 0
007 ta
008 220922b |||||||| |||| 00| 0 hin d
020 _a8186339817
024 _a158,513
037 _cTextual
040 _aARTS
_cARTS
_bhin
041 _2hin
_ahin
082 _aO152,1J32,11, N8.1-.2
100 _aशर्मा, शिवकुमार
_9158802
245 0 _aमानस महानाटक, संपा पुष्पेन्द्र कुमार
246 _aMānas hinānāṭaka, sanpā0 puṣhpendra kumāra
260 _aदिल्ली
_b ईस्टर्न बुक लिंकर्स
_c1998
650 _aहिन्दी साहित्य
_9156264
942 _hO152,1J32,11, N8.1-.2
_cTEXL
_2CC
999 _c296002
_d296002